Environmental law / (Record no. 88706)

MARC details
000 -LEADER
fixed length control field 00594nam a22001937a 4500
005 - DATE AND TIME OF LATEST TRANSACTION
control field 20140917114738.0
010 ## - LCCN (DPL NO)
LC control number ENG-110874
020 ## - INTERNATIONAL STANDARD BOOK NUMBER
International Standard Book Number 9789351431848
Terms of availability 180.00
035 ## - SYSTEM CONTROL NUMBER
System control number EN-94406
037 ## - SOURCE OF ACQUISITION
Source of stock number/acquisition DBAD/PUB
082 ## - DEWEY DECIMAL CLASSIFICATION NUMBER
Classification number 344.54046
100 ## - MAIN ENTRY--PERSONAL NAME
Personal name Rosedar S. R. A.
245 ## - TITLE STATEMENT
Title Environmental law /
Statement of responsibility, etc by Rosedar S. R. A.
260 ## - PUBLICATION, DISTRIBUTION, ETC. (IMPRINT)
Place of publication, distribution, etc Gurgaon
Name of publisher, distributor, etc Lexis Nexis
Date of publication, distribution, etc 2014
270 ## - ADDRESS
Address 14th Floor, Building No.10, Tower-B, DLF Cyber City, Phase-II
City Gurgaon
Postal code 122002
300 ## - PHYSICAL DESCRIPTION
Extent x,150p.
Dimensions 22cm(pbk)
490 ## - SERIES STATEMENT
Series statement Quick reference guide series
942 ## - ADDED ENTRY ELEMENTS (KOHA)
Source of classification or shelving scheme Dewey Decimal Classification
Item type English Books
Call number suffix ROS
Classification part 344.54046
Holdings
Withdrawn status Lost status Not for loan Collection code Home library Current library Date acquired Source of acquisition Cost, normal purchase price Full call number Barcode Copy number Cost, replacement price Koha item type
    Not For Loan Non-fiction D.B.Act.Division D.B.Act.Division 16/09/2014 DBAD/PUB 180.00 344.54046 ROS EN-94406 1 180.00 English Books

© Delhi Public Library
Hit Counter
free hit counter